Guatemala: contrainsurgencia, gobierno civil y estrategia revolucionaria

Gorde:
Xehetasun bibliografikoak
Formatua: Texto
Argitaratua: Tegucigalpa: Universidad Nacional Autónoma de Honduras
Etiketak: Etiketa erantsi
Etiketarik gabe, Izan zaitez lehena erregistro honi etiketa jartzen!

MARC

LEADER 00000 a a2200000 04500
001 21245
003
040
090 |a 092800  
245 |a Guatemala: contrainsurgencia, gobierno civil y estrategia revolucionaria  
260 |a Tegucigalpa:   |b Universidad Nacional Autónoma de Honduras  
300 |a 8 p.  
999 |c 363  |d 363